| Tag |
First Indicator |
Second Indicator |
Subfields |
| LEADER |
00000cam a2200000 4500 |
| 001 |
in00000049364 |
| 005 |
20151007071701.0 |
| 008 |
770811s1953 au a 00000 eng |
| 010 |
|
|
|a 54029850
|
| 035 |
|
|
|a (OCoLC)03180843
|
| 035 |
|
|
|9 AAE6437AM
|
| 040 |
|
|
|a DLC
|c OCP
|d TXA
|d UtOrBLW
|
| 049 |
|
|
|a TXAM
|c [230054]
|
| 050 |
|
0 |
|a QD43
|b .H26
|
| 082 |
0 |
|
|a 540.72
|
| 092 |
|
|
|a 540.72
|b H336s
|
| 100 |
1 |
|
|a Hartung, E. J.
|q (Ernst Johannes),
|d 1893-
|
| 245 |
1 |
4 |
|a The screen projection of chemical experiments.
|
| 264 |
|
1 |
|a Melbourne :
|b University Press,
|c [1953]
|
| 300 |
|
|
|a 291 pages :
|b illustrations ;
|c 23 cm.
|
| 336 |
|
|
|a text
|b txt
|2 rdacontent
|
| 337 |
|
|
|a unmediated
|b n
|2 rdamedia
|
| 338 |
|
|
|a volume
|b nc
|2 rdacarrier
|
| 650 |
|
0 |
|a Chemistry
|x Experiments.
|
| 650 |
|
0 |
|a Lantern projection.
|
| 999 |
|
|
|a MARS
|
| 999 |
f |
f |
|s ef0c950d-6fb1-3a23-a7d8-81eed26e3995
|i e765162f-1593-397c-acef-43fb7fff5947
|t 0
|
| 952 |
f |
f |
|p ric
|a Texas A&M University
|b Rellis Campus
|c Joint Library Facility
|d Remote Storage
|t 0
|e QD43 .H26
|h Library of Congress classification
|i unmediated -- volume
|m A14800932733
|
| 998 |
f |
f |
|a QD43 .H26
|t 0
|l Remote Storage
|